000 00440nam a22001577a 4500
005 20241113155013.0
008 241113b |||||||| |||| 00| 0 eng d
020 _a0879832908
100 _aHavergal Francis Ridley
245 _aKept for the Master's Use
250 _aLarge type edition
260 _a New Canaan, Connecticut, USA
_bKeat Publishing Inc.
_c1982
300 _a155 pages
_c23.5 cm
650 _2Theology
942 _2lcc
_cBK
_n0
999 _c1133
_d1133